书目信息 |
| 题名: |
海洋生态学
|
|
| 作者: | 沈国英 编著 | |
| 分册: | ||
| 出版信息: | 北京 科学出版社 2010.1 |
|
| 页数: | 12,360页 | |
| 开本: | 26cm | |
| 丛书名: | ||
| 单 册: | ||
| 中图分类: | Q178.53 | |
| 科图分类: | ||
| 主题词: | 海洋生态学--高等学校--教材 , 海洋生态学 | |
| 电子资源: | ||
| ISBN: | 978-7-03-026337-7 | |
| 000 | 01121nam0 2200265 450 | |
| 001 | 0400002245 | |
| 005 | 20230216165400.38 | |
| 010 | @a978-7-03-026337-7@dCNY49.80 | |
| 100 | @a20100426e20172010em y0chiy50 ea | |
| 101 | 0 | @achi |
| 102 | @aCN@b110000 | |
| 105 | @aa z 000yy | |
| 200 | 1 | @a海洋生态学@9hai yang sheng tai xue@f沈国英[等]编著 |
| 205 | @a第3版 | |
| 210 | @a北京@c科学出版社@d2010.1@h2017.1 | |
| 215 | @a12,360页@c图@d26cm | |
| 300 | @a普通高等教育“十一五”国家级规划教材 | |
| 304 | @a编著者还有:黄凌风、郭丰、施并章 | |
| 330 | @a本书包括三个部分,共14章。第一部分海洋生态学总论,介绍海洋环境及生态因子对海洋生物的作用、海洋生态系统的生物组织(种群、群落)及其动态、初级生产力、能量流动和生物地化循环等内容。第二部分介绍浅海和深海各种生态系统类型的环境、生物组成特征以及相关的生态过程。第三部分介绍海洋面临的威胁及生物多样性保护、海洋管理的生态学基本原则和海洋保护的基本途径。 | |
| 606 | 0 | @a海洋生态学@x高等学校@j教材 |
| 606 | 0 | @a海洋生态学 |
| 690 | @aQ178.53@v4 | |
| 701 | 0 | @a沈国英@9shen guo ying@f(1936~)@4编著 |
| 801 | 0 | @aCN@b91MARC@c20171020 |
| 905 | @b1031830-4@dQ178.53@f5@e219=3 | |
| 海洋生态学/沈国英[等]编著.-第3版.-北京:科学出版社,2010.1(2017.1) |
| 12,360页:图;26cm |
| 普通高等教育“十一五”国家级规划教材 |
| ISBN 978-7-03-026337-7:CNY49.80 |
| 本书包括三个部分,共14章。第一部分海洋生态学总论,介绍海洋环境及生态因子对海洋生物的作用、海洋生态系统的生物组织(种群、群落)及其动态、初级生产力、能量流动和生物地化循环等内容。第二部分介绍浅海和深海各种生态系统类型的环境、生物组成特征以及相关的生态过程。第三部分介绍海洋面临的威胁及生物多样性保护、海洋管理的生态学基本原则和海洋保护的基本途径。 |
| ● |
| 相关链接 |
|
|
|
|
正题名:海洋生态学
索取号:Q178.53/219=3
 
预约/预借
| 序号 | 登录号 | 条形码 | 馆藏地/架位号 | 状态 | 备注 |
| 1 | 1031830 | 210318306 | 第二样本阅览室/ [索取号:Q178.53/219=3] | 在馆 | |
| 2 | 1031831 | 210318315 | 密集书库-生命科学系/ [索取号:Q178.53/219=3] | 在馆 | |
| 3 | 1031832 | 210318324 | 第三借阅区/ [索取号:Q178.53/219=3] | 在馆 | |
| 4 | 1031833 | 210318333 | 第三借阅区/ [索取号:Q178.53/219=3] | 在馆 | |
| 5 | 1031834 | 210318342 | 第三借阅区/ [索取号:Q178.53/219=3] | 在馆 | |
| 6 | 1052723 | 210527232 | 第三借阅区/ [索取号:Q178.53/219=3] | 在馆 |